Los centros de investigación en ciencias sociales en el México actual : (Record no. 210383)

MARC details
000 -CABECERA
campo de control de longitud fija 00739nam a2200217 a 4500
005 - FECHA Y HORA DE LA ÚLTIMA TRANSACCIÓN
campo de control 20231021063551.0
008 - DATOS DE LONGITUD FIJA--INFORMACIÓN GENERAL
campo de control de longitud fija 230926s1989 mx |||||r|||| 000 0 spa d
020 ## - NÚMERO INTERNACIONAL NORMALIZADO PARA LIBROS
Número Internacional Normalizado del libro 9688405744
040 ## - FUENTE DE CATALOGACIÓN
Agencia de catalogación original MX-MxUPN
Idioma de catalogación spa
Agencia que realiza la transcripción MX-MxUPN
041 0# -
-- spa
050 14 -
-- H62.5 M6
-- V35 1989
100 1# -
-- Valenti Nigrini, Giovanna
-- 33717
245 14 - MENCIÓN DE TÍTULO
Título Los centros de investigación en ciencias sociales en el México actual :
Parte restante del título una visión de conjunto
260 ## - PUBLICACION, DISTRIBUCION, ETC. (PIE DE IMPRENTA)
Lugar de publicación, distribución, etc. México, D.F.
Nombre del editor, distribuidor, etc. Universidad Autónoma Metropolitana,
Fecha de publicación, distribución, etc. 1989
300 ## - DESCRIPCIÓN FÍSICA
Extensión 63 páginas
490 0# -
-- Avances de investigación ;
-- 10
650 #4 -
-- Ciencias sociales
-- Investigación
-- México
-- 10471
902 ## - ELEMENTOS DE DATOS B LOCAL, LDB (RLIN)
Creó lc26092023
Modificó Víctor Ruiz/201023
942 ## - ELEMENTOS DE PUNTO DE ACCESO ADICIONAL (KOHA)
Fuente del sistema de clasificación o colocación Library of Congress Classification
Tipo de ítem Koha Folleto
Holdings
Estado de retiro Estado de pérdida Fuente del sistema de clasificación o colocación Estado dañado No para préstamo Código de colección Localización permanente Ubicación/localización actual Ubicación en estantería Fecha de adquisición Signatura topográfica completa Código de barras Fecha visto por última vez Precio válido a partir de Tipo de ítem Koha
    Library of Congress Classification   Disponible (Préstamo en sala) Folletería Bib. Gregorio Torres Quintero Bib. Gregorio Torres Quintero Colecciones especiales Planta alta 26/09/2023 H62.5 M6 V35 1989 216034 26/09/2023 26/09/2023 Folleto